Normal view
MARC view
- Ireland
Entry Geographic Name
001 - CONTROL NUMBER
- control field: 269994
003 - CONTROL NUMBER IDENTIFIER
- control field: KE-NaSUL
005 - DATE AND TIME OF LATEST TRANSACTION
- control field: 20250827090353.0
008 - FIXED-LENGTH DATA ELEMENTS
- fixed length control field: 250827|| aca||aabn | a|a d
040 ## - CATALOGING SOURCE
- Original cataloging agency: KE-NaSUL
- Transcribing agency: KE-NaSUL
151 ## - HEADING--GEOGRAPHIC NAME
- Geographic name: Ireland
- General subdivision: Intellectual life
- Chronological subdivision: 16th century
670 ## - SOURCE DATA FOUND
- Source citation: Work cat.: (KE-NaSUL)255932: Coolahan, Marie-Louise. 269990, Women, writing, and language in early modern Ireland, 2010.